| 000 | 00515nam a22001817a 4500 | ||
|---|---|---|---|
| 008 | 170330b xxu||||| |||| 00| p tur d | ||
| 020 | _a975080855X | ||
| 041 | _atur | ||
| 050 | _aPL248.C3 | ||
| 100 |
_aAkın, Gülten _9109 |
||
| 245 | _aAğıtlar ve Türküler Toplu Şiirler II 1972-1983 | ||
| 250 | _a3. Baskı | ||
| 260 |
_aİstanbul _bYapı Kredi Yayınları _cEkim 2004 |
||
| 300 | _a279 sayfa | ||
| 500 | _aYapı Kredi Yayınları: 2105; Şiir: 55 | ||
| 650 | 0 |
_9145 _aTürk Edebiyatı |
|
| 942 |
_2lcc _cBK |
||
| 999 |
_c1085 _d1063 |
||